000 00627cam a22002293a 4500
001 2316
003 PGUSA
005 20140828083013.0
008 000901s2000||||xxu|||||s|||||000 1 eng d
040 _aPGUSA
_beng
042 _adc
050 4 _aPS
100 1 _aAllen, James Lane,
_d1849-1925
245 1 4 _aThe Choir Invisible
_h[electronic resource] /
_cJames Lane Allen
260 _bProject Gutenberg,
_c2000
506 _aPublic domain in the USA.
516 _aElectronic text
653 _aKentucky -- Fiction
830 0 _aProject Gutenberg
_v2316
856 4 0 _uhttp://www.gutenberg.org/ebooks/2316
942 _cEB
999 _c231653
_d231653